000 00654cam a22002413a 4500
001 19111
003 PGUSA
005 20140828083415.0
008 060824s2006||||xxu|||||s|||||000 1 eng d
040 _aPGUSA
_beng
042 _adc
050 4 _aPS
100 1 _aRaphael, Rick,
_d1919-1994
245 1 0 _aCode Three
_h[electronic resource] /
_cRick Raphael
260 _bProject Gutenberg,
_c2006
506 _aPublic domain in the USA.
516 _aElectronic text
653 _aScience fiction
700 1 _aSchoenherr, John,
_d1935-2010
830 0 _aProject Gutenberg
_v19111
856 4 0 _uhttp://www.gutenberg.org/ebooks/19111
942 _cEB
999 _c248366
_d248366